AN INTRODUCTION TO LINEAR ALGEBRA (Record no. 10096)

MARC details
000 -LEADER
fixed length control field 00325nam a22001457a 4500
003 - CONTROL NUMBER IDENTIFIER
control field SGT
082 ## - DEWEY DECIMAL CLASSIFICATION NUMBER
Classification number MAR 512.55
100 ## - MAIN ENTRY--PERSONAL NAME
Personal name MARWAHA,ALKA
245 ## - TITLE STATEMENT
Title AN INTRODUCTION TO LINEAR ALGEBRA
250 ## - EDITION STATEMENT
Edition statement 1ST
260 ## - PUBLICATION, DISTRIBUTION, ETC. (IMPRINT)
Place of publication, distribution, etc NEW DELHI
Name of publisher, distributor, etc PHI
Year of Publication 2014
300 ## - PAGE DESCRIPTION
No. of Pages 296
650 ## - SUBJECT ADDED ENTRY--TOPICAL TERM
Topical term or geographic name as entry element MATHEMATICS, LINEAR ALGEBRA
942 ## - ADDED ENTRY ELEMENTS (KOHA)
Source of classification or shelving scheme Dewey Decimal Classification
Koha item type FPS Books
Holdings
Withdrawn status Lost status Source of classification or shelving scheme Damaged status Not for loan Collection code Home library Current library Shelving location Date acquired Vendor Name Cost, normal purchase price SGTU Bill Number Total Checkouts Full call number Accession No. (Barcode) Date last seen Date last borrowed Bill Date Koha item type
    Dewey Decimal Classification     SCIENCE SGT Science & Social Sciences Library SGT Science & Social Sciences Library Text Book 03/12/2016 UNIVERSAL BOOK 295.00 SGTU 377 3 MAR 512.55 PS3090 25/01/2019 10/01/2019 20/10/2016 FPS Books
    Dewey Decimal Classification   Not For Loan SCIENCE SGT Science & Social Sciences Library SGT Science & Social Sciences Library Reference Book 03/12/2016 UNIVERSAL BOOK 295.00 SGTU 377   MAR 512.55 PS3091 03/12/2016   20/10/2016 FPS Books
    Dewey Decimal Classification     SCIENCE SGT Science & Social Sciences Library SGT Science & Social Sciences Library Text Book 03/12/2016 UNIVERSAL BOOK 295.00 SGTU 377 5 MAR 512.55 PS3092 07/04/2025 07/04/2025 20/10/2016 FPS Books